Abstract sets and finite ordinals: an introduction to the study of set theory

Збережено в:
Бібліографічні деталі
Автор: Keene, G. B (Автор)
Формат: Книга
Мова:Англійська
Опубліковано: Nueva York Pergamon 1961
Серія:International series of monographs on pure and applied mathematics, 23
Предмети:
Теги: Додати тег
Немає тегів, Будьте першим, хто поставить тег для цього запису!

MARC

LEADER 00000nam a2200000 a 4500
001 UCW1307
003 CL-VaPUC
008 920107e19610000US |||||||||||||||||eng|d
082 0 4 |a 511.322  |b KEE  |2 21 
100 0 |a Keene, G. B  |e author  |9 305231 
245 1 0 |a Abstract sets and finite ordinals: an introduction to the study of set theory 
300 |a 106 p 
942 |c BK 
945 |d 19920107 00:00:00 
260 |a Nueva York  |b Pergamon  |c 1961 
650 0 |a Teoría de conjuntos   |9 265668 
583 |a last modification  |c 19920107 00:00:00  |k Rodrigo Vera 
490 0 |a International series of monographs on pure and applied mathematics, 23 
999 |c 216222  |d 216220 
952 |0 0  |1 0  |4 0  |6 511_322000000000000_KEE_1961  |7 0  |8 A  |9 201731  |a BIBMAT  |b BIBMAT  |d 2019-11-14  |i 268974K  |o 511.322 KEE 1961  |p 268974K  |r 2025-01-07  |w 2019-11-14  |y BK  |k MAT